Statistics for Hovedsteder i Sør-Amerika

Click here to take the quiz!

General Stats

  • This quiz has been taken 106 times
  • The average score is 8 of 12

Answer Stats

HintAnswer% Correct
BrasilBrasilia
90%
ArgentinaBuenos Aires
87%
PeruLima
83%
ChileSantiago
80%
BoliviaSucre
80%
ColombiaBogota
77%
EcuadorQuito
77%
UruguayMontevideo
67%
GuyanaGeorgetown
60%
VenezuelaCaracas
57%
ParaguayAsuncion
43%
SurinamParamaribo
43%

Score Distribution

Percentile by Number Answered

Percent of People with Each Score

Your Score History

You have not taken this quiz